00628nam a22002177a 450000500170000001000130001702000220003003500130005203700160006504000120008108200160009310000190010924500800012826000430020827000380025130000250028950000360031465000140035065000250036470000210038920170124110202.0 aA-998475 a8172247907c00.00 aA-998475 bCen Lib/Ret aDPLbEN a004.65bHUR aHurley, Brian  aDoing big business on the internet /cby Brian Hurley [and] Peter Birkwood  aMumbai bJaico Publishing House c1999 a121, M.G. rioad bMumbai e400023 axxi, 181p.c23cm(Hb) aIncludes glossary and appendix  aInternet  aInternet advertising aBirkwood, Peter